Wymień Przystanki Tramwajowe Na Bielanach - Statystyki

Ogólne statystyki
  • Ten quiz został rozwiązany 12 razy
  • Średni wynik to 17 z 22
Statystyki odpowiedzi
Linie Przystanki % Poprawnych
2,6,26,33 Metro Młociny
100%
6,17 Przy Agorze
100%
6,17 UKSW
100%
6,17 AWF
86%
26,33 Cmentarz Wawrzyszewski
86%
6,17 Cmentarz Włoski
86%
6,17 Metro Słodowiec
86%
16,22,28,33,35 Park Olszyna
86%
16,22,28,33,35 Piaski
86%
6,17 Szpital Bielański
86%
26,33 Aspekt
71%
26,33 Bogusławskiego
71%
26,28 Conrada
71%
6,17 Park Kaskada
71%
6,17 Podleśna IMIGW
71%
16,22,28,33,35 Romaszewskiego
71%
Używany w wyjątkowych sytuacjach Twardowska
71%
2,6 Zajezdnia Żoliborz
71%
26,28,33 Aleja Reymonta
57%
26,33 Nocznickiego
57%
26,28 Ogrody Działkowe Bemowo
57%
26,33 Popiela
57%
Nie znaleziono quizów pasujących do podanych kryteriów
Rozkład punktacji
Procent ludzi z każdym wynikiem
Percentyl według liczby udzielonych odpowiedzi
Twoja historia wyników
Nie rozwiązałeś tego quizu